000 00908nam a2200253 i 4500
001 195843
003 ES-MaACL
005 20250312063231.0
008 240721b2022 sp ||||| |||| 00| 0 spa d
020 _a9798849147703
040 _cES-MaACL
100 _9233902
_aVila, José-Miguel
245 _aSanchismo, mentiras e ingeniería social (I) :
_bMaterial para la controversia /
_cJosé-Miguel Vila.
260 _aPolonia :
_bAmazon,
_c2022.
300 _a448 pág. ;
_b21 cm
336 _2rdacontent
_aTexto
337 _2rdamedia
_asin mediación
338 _2rdacarrier
_avolumen
852 _aES-MaACL
_bR.1523568
_cDEPOJ
_jN-8857
_hDonación: editorial
_xEncuaderanción: rústica
_9204723
942 _cMONOGRAFIA
_n0
954 _iTatiana Alejandra de Castro Pérez
999 _c195843
_d195843